00535nam a22001337a 4500082001200000100002500012245012500037260004100162650003100203700004400234942000700278999001900285952009700304 a200 THE aSANA LIAQUAT,970085 aTH-SOF-1238-Real World Object Detection as Markers for Autonomous Aerial Motion Planning Application Using Single Camera aIslamabadbNUST College of EMEc2016 aMS-MTS-74 MSTHESIS970045 aSupervisor DR UMAR SHAHBAZ KHAN969707 cCF c577129d577129 00104070aCEMEbCEMEcREFd2019-11-19l0o200 THEpTH-SOF-1238r2021-06-28w2021-06-28yCF